000 00679nam a2200193 i 4500
001 99581
003 ES-MaACL
005 20230906182524.0
007 t|
008 050913s1958 sp ||||1| spa d
100 1 _aMartínez-Barbeito, Carlos,
_d1913-1997
_977884
245 1 0 _aEconomistas gallegos del pasado 1700-1900 /
_cCarlos Martínez-Barbeito.
260 _aMadrid :
_b[s.n.],
_c1958 (
_eImp. Juan Bravo)
300 _a14 p. :
_bil. ;
_c28 cm.
500 _aEs tirada aparte de "Información Comercial Española", v. 354, febrero 1953.
650 4 _aEconomistas-
_zGalicia-
_vHistoria.
_9157712
852 _aES-MaACL
_j2034-F-24
_bR.52075
999 _c99581
_d99581